000 00908nam a22002177a 4500
003 UA-OsUOA
001 78761
007 ta
008 20111020b un ||||| |||| 00| 0 ukr d
100 _aСоколова А.А.
090 _a659
_bС59
942 _cSA
040 _aUA-OsUOA
_brus
_cUA-OsUOA
_dUA-OsUOA
245 _aИсторические особенности развития аналитической журналистики в Испании: расцвет колонки на рубеже ХХ-ХХІ вв.
300 _aС.227
955 _a0
041 _arus
080 _a659
773 0 _w78754
_tВестник Московского университета. Серия 10. Журналистика
_dМ.
_d2011
_g3
650 7 _a659 Реклама. Система інформації. Громадська інформація та реклама (Паблик-Рилейшнз)
_2UDC
999 _c365076
_d365076